00579nam a22001457a 450000500170000000800410001702000180005804100130007608200150008910000130010424502010011726000540031830000350037265000260040720231117141029.0231117b |||||||| |||| 00| 0 eng d a9780948711336 aEnglish  a343.4 TAX  lEnglish  aTax Abuses, Poverty and Human Rights : bA report of the International Bar Association's Human Rights Institute Task Force on Illicit Financial Flows, Poverty and Human Rights /cL Lipsett et al.  aLondon : bInternational Bar Association, c2013  bxviii, 262 pages ; c25,5 cm.  aLegal practice bLaw